Entrantes. La idea ligera (KiloDiet) (Record no. 81350)

MARC details
000 -LEADER
campo de control de longitud fija 00446nmm a2200145Ia 4500
008 - DATOS DE LONGITUD FIJA--INFORMACIÓN GENERAL
campo de control de longitud fija 251105s9999||||xx |||||||||||||||||und||
020 ## - NÚMERO INTERNACIONAL ESTÁNDAR DEL LIBRO
Número Internacional Estándar del Libro 9788431533700
041 ## - CÓDIGO DE IDIOMA
Código de lengua del texto/banda sonora o título independiente spa
100 ## - ENTRADA PRINCIPAL--NOMBRE DE PERSONA
Nombre de persona Rosemberg, Mariane
245 #0 - MENCIÓN DEL TÍTULO
Título Entrantes. La idea ligera (KiloDiet)
264 ## - PRODUCCIÓN, PUBLICACIÓN, DISTRIBUCIÓN, FABRICACIÓN Y COPYRIGHT
Producción, publicación, distribución, fabricación y copyright [Madrid, España] :
Nombre del de productor, editor, distribuidor, fabricante De Vecchi,
Fecha de producción, publicación, distribución, fabricación o copyright [Fecha de publicación no identificada]
300 ## - DESCRIPCIÓN FÍSICA
Extensión 0 páginas
856 ## - LOCALIZACIÓN Y ACCESO ELECTRÓNICOS
Identificador Uniforme de Recursos <a href="https://public.digitaliapublishing.com/a/122552">https://public.digitaliapublishing.com/a/122552</a>
942 ## - ELEMENTOS DE ENTRADA SECUNDARIOS (KOHA)
Tipo de ítem Koha Libro Digital

No items available.

Powered by Koha